01308nam a22001217a 4500008004100000020001500041050001500056245014700071260006500218300001700283505086500300700002101165150428b xxu||||| |||| 00| 0 eng d a9990967032 aHC240.I523 aThe Individual in the European union and Malta, some central issues: state of European union conference 1997. / cedited by Peter G. Xuereb aMalta:bEuropean documentation and reasearch centre,cc1997. a298p.c23cm. aContents: Introductory chapter -- Opening address -- E.U. initiatives for employment and growth -- Employment and growth - the ETUC view -- Employment and growth - the federation of industry view -- Employment and growth - the Malta employers association group -- Employment and growth - the general workers union view -- E.U. initiatives in support of SMEs -- Is Maltese law 'SME-friendly'? -- New Maltese initiatives in support of SMEs -- E.C. social policy to date -- Current issues in EC social policy -- Malta and E.C. social policy -- Remedies against maladministration in the EU -- The European and the Maltese ombudsman -- Co-operation in justice and home affairs: structures, achievements and proposals for reform -- Co-operation in justice and home affairs: the fight against drugs -- Malta's role in international efforts to combat drug trafficking. aXuereb, Peter G.